000 00332nam a2200145Ia 4500
003 OSt
005 20240320114226.0
008 170523s9999 xx 000 0 und d
020 _a978-0071375221
040 _ciimtu meerut
100 _aSAWHNEY
245 0 _aSEVEN STEPS TO NIRVANG
260 _bTATA MC GRAW HILL
942 _2ddc
_c02
999 _c1670
_d1670